Prywatyzacja przedsiebiorstw panstwowych. Przebieg zmian i pierwsze efekty.
Rozsah premien vlastníctva v roku 1991. Do konca novembra bolo sprivatizovaných asi 75 perc. podnikov. Medzi nimi prevládali podniky finančne slabé, ktoré boli likvidované najčastejšie predajom. Priebeh privatizácie a jej prvé výsledky a problémy. Ohrozenie procesu vlastníckych premien.
Gespeichert in:
| 1. Verfasser: | |
|---|---|
| Weitere Verfasser: | |
| Format: | Buchkapitel |
| Sprache: | Polnisch |
| Schlagworte: | |
| Tags: |
Keine Tags, Fügen Sie das erste Tag hinzu!
|
MARC
| LEADER | 00000naa a2200000 4500 | ||
|---|---|---|---|
| 001 | r007777 | ||
| 005 | 20221125122952.4 | ||
| 041 | 0 | |a pol | |
| 044 | |a PL | ||
| 245 | 1 | 0 | |a Prywatyzacja przedsiebiorstw panstwowych. Przebieg zmian i pierwsze efekty. |c W. Mizielinska, T. Smuga |
| 520 | |a Rozsah premien vlastníctva v roku 1991. Do konca novembra bolo sprivatizovaných asi 75 perc. podnikov. Medzi nimi prevládali podniky finančne slabé, ktoré boli likvidované najčastejšie predajom. Priebeh privatizácie a jej prvé výsledky a problémy. Ohrozenie procesu vlastníckych premien. | ||
| 610 | 2 | 0 | |a privatizácia |
| 610 | 2 | 0 | |a podnik štátny |
| 610 | 2 | 0 | |a 1991 |
| 610 | 2 | 0 | |a PR |
| 100 | 1 | |a Mizielinska, W. | |
| 700 | 1 | |a Smuga, Tadeusz | |